Aktuálna situácia pracovnej migrácie v krajinách EÚ

Príspevok sa venuje téme migrácie v krajinách EÚ predovšetkým v Grécku, Španielsku, Taliansku, Portugalsku a Nemecku. Problém vysokej nezamestnanosti najmä mladých ľudí a nedostatok voľných pracovných miest v južných štátoch Európy. Vychádzajúc z ekonomických teórií migrácie, príspevok posudzuje súč...

Full description

Saved in:
Bibliographic Details
Main Author: Mäsiar, Ondrej
Format: Book Chapter
Language:Slovak
Subjects:
Tags: Add Tag
No Tags, Be the first to tag this record!

MARC

LEADER 00000nla a2200000 4500
001 0181183
005 20240502073115.2
041 0 |a slo 
044 |a SK 
245 1 0 |a Aktuálna situácia pracovnej migrácie v krajinách EÚ  |c Ondrej Mäsiar 
520 |a Príspevok sa venuje téme migrácie v krajinách EÚ predovšetkým v Grécku, Španielsku, Taliansku, Portugalsku a Nemecku. Problém vysokej nezamestnanosti najmä mladých ľudí a nedostatok voľných pracovných miest v južných štátoch Európy. Vychádzajúc z ekonomických teórií migrácie, príspevok posudzuje súčasné a predpokladá budúce migračné toky. V závere prezentuje empirické dáta o migrácii krízou výraznejšie zasiahnutých štátov. 
610 2 0 |a kríza hospodárska 
610 2 0 |a nezamestnanosť 
610 2 0 |a migrácia 
610 2 0 |a pohyb síl pracovných medzinárodný 
610 2 0 |a Európska únia 
100 1 |a Mäsiar, Ondrej